UBT Library

THE DEFENSE OF COMMUNITY IN PERU'S CENTRAL HIGHLANDS (Record no. 14945)

000 -LEADER
fixed length control field 00319nam a22001337a 4500
008 - FIXED-LENGTH DATA ELEMENTS--GENERAL INFORMATION
fixed length control field 170529b xxu||||| |||| 00| 0 eng d
020 ## - INTERNATIONAL STANDARD BOOK NUMBER
International Standard Book Number 069110140X
041 ## - LANGUAGE CODE
Language code of text/sound track or separate title eng
080 ## - UNIVERSAL DECIMAL CLASSIFICATION NUMBER
Universal Decimal Classification number 93
100 ## - Rafti
Rafti 16
101 ## - Shkurtesa
Shkurtesa SHH
245 ## - TITLE STATEMENT
Title THE DEFENSE OF COMMUNITY IN PERU'S CENTRAL HIGHLANDS
Statement of responsibility, etc MALLON, F.E
942 ## - ADDED ENTRY ELEMENTS (KOHA)
Source of classification or shelving scheme
Item type Books
Holdings
Withdrawn status Lost status Source of classification or shelving scheme Damaged status Not for loan Collection code Permanent location Current location Shelving location Date acquired Total Checkouts Full call number Barcode Date last seen Price effective from Koha item type
          Koleksioni i përgjithshem UBT - Lipjan UBT - Lipjan Koleksioni i përgjithshem 05/29/2017   93 MAL 002-288882 05/29/2017 05/29/2017 Books
UBT Library © 2015-2024. All rights reserved University Education for Business and Technology